Khawateen-E-Karbala (Record no. 8034)

MARC details
000 -LEADER
fixed length control field 00667nam a2200253 a 4500
020 ## - INTERNATIONAL STANDARD BOOK NUMBER
ISBN
082 00 - DEWEY DECIMAL CLASSIFICATION NUMBER
Classification number 891.41
Author Cutter SAL3
100 ## - MAIN ENTRY--AUTHOR NAME
Author name Saleha, Abid Husain
245 ## - TITLE STATEMENT
Title Khawateen-E-Karbala
260 ## - PUBLICATION, DISTRIBUTION, ETC. (IMPRINT)
Place of publication New Delhi
Name of publisher Maktaba Jamia
Year of publication 1973
300 ## - PHYSICAL DESCRIPTION
Number of Pages 360p
500 ## - GENERAL NOTE
General note includes index and biblioraphy
505 2# - FORMATTED CONTENTS NOTE
Formatted contents note by a working party of the churches`committee on migrant workers in europe
650 ## - SUBJECT ADDED ENTRY--TOPICAL TERM
Topical Term Marsiya-Anis
650 ## - SUBJECT ADDED ENTRY--TOPICAL TERM
Topical Term Karbala-Women
942 ## - ADDED ENTRY ELEMENTS (KOHA)
Koha item type Books
700 1# -
-- Saleha, Abid Husain
Holdings
Collection code Home library Current library Date acquired Cost, normal purchase price Full call number Accession Number Koha item type
  Henry Martyn Institute Library Henry Martyn Institute Library 06/21/2007 14.00 891.41 SAL3 012820 Books
                   Copyright © 2026 | Henry Martyn Institute | Hyderabad | TS-500052 | INDIA | Implemented by hmi.edu.in
Hit-Count:

Powered by Koha